[Event "CZE-chT 0001"]
[Site "Czech Republic"]
[Date "2001.01.14"]
[Round "5"]
[White "Mudrak, Josef"]
[Black "Zurek, Milan"]
[Result "1/2-1/2"]
[WhiteElo "2363"]
[BlackElo "2449"]
[PlyCount "35"]
[EventDate "2000.11.19"]
[EventType "team-tourn"]
[EventRounds "11"]
[EventCountry "CZE"]
[SourceTitle "EXT 2019"]
[Source "ChessBase"]
[SourceDate "2018.10.10"]
[SourceVersion "1"]
[SourceVersionDate "2018.10.10"]
[SourceQuality "1"]
[WhiteTeam "Ostrava TJ Nova Hut"]
[BlackTeam "Grygov A64 Valoz"]
[WhiteTeamCountry "CZE"]
[BlackTeamCountry "CZE"]

1. d4 d5 2. Nf3 c6 3. g3 Bf5 4. Bg2 Nd7 5. 0-0 e6 6. c4 Ngf6 7. Nc3 h6 8. Re1 Be7 9. Nd2 0-0 10. e4 dxe4 11. Ndxe4 Nb6 12. b3 a5 13. Nxf6+ Bxf6 14. Be3 Nd7 15. h3 Qe7 16. Rc1 Qb4 17. f4 Rfd8 18. g4 1/2-1/2

[Event "CZE-chT 0001"]
[Site "Czech Republic"]
[Date "2000.11.19"]
[Round "2"]
[White "Kalod, Radek"]
[Black "Zurek, Milan"]
[Result "1-0"]
[WhiteElo "2483"]
[BlackElo "2435"]
[PlyCount "93"]
[EventDate "2000.11.19"]
[EventType "team-tourn"]
[EventRounds "11"]
[EventCountry "CZE"]
[SourceTitle "EXT 2019"]
[Source "ChessBase"]
[SourceDate "2018.10.10"]
[SourceVersion "1"]
[SourceVersionDate "2018.10.10"]
[SourceQuality "1"]
[WhiteTeam "Praha Dukla"]
[BlackTeam "Grygov A64 Valoz"]
[WhiteTeamCountry "CZE"]
[BlackTeamCountry "CZE"]

1. e4 d5 2. exd5 Nf6 3. c4 c6 4. Nc3 cxd5 5. d4 Nc6 6. Bg5 Be6 7. Be2 Qa5 8. Nf3 dxc4 9. 0-0 Rd8 10. Re1 b5 11. a3 a6 12. Bf1 h6 13. Bxf6 gxf6 14. d5 Bg4 15. h3 Bxf3 16. Qxf3 Ne5 17. Qe3 Bg7 18. Qc5 0-0 19. Qxe7 Qb6 20. b4 cxb3 21. Qb4 f5 22. Qxb3 Rc8 23. Ne2 Nc4 24. Ra2 Rfe8 25. Qf3 Nd6 26. Rd1 Rc4 27. Ng3 Rc3 28. Bd3 Re5 29. Ne2 Ne4 30. Nxc3 Nxc3 31. Rc2 Qd4 32. Rdc1 Ne4 33. Rc8+ Kh7 34. Bxe4 fxe4 35. Qxf7 e3 36. fxe3 Qxe3+ 37. Kh1 Rg5 38. Qg8+ Kg6 39. Qe6+ Qxe6 40. dxe6 Re5 41. R8c6 a5 42. e7+ Kf7 43. Rf1+ Ke8 44. Rc8+ Kd7 45. Ra8 Rxe7 46. Ra7+ Ke8 47. Rxa5 1-0

[Event "CZE-chT 0001"]
[Site "Czech Republic"]
[Date "2000.11.18"]
[Round "1"]
[White "Zurek, Milan"]
[Black "Salai, Ladislav"]
[Result "0-1"]
[WhiteElo "2435"]
[BlackElo "2424"]
[PlyCount "62"]
[EventDate "2000.11.19"]
[EventType "team-tourn"]
[EventRounds "11"]
[EventCountry "CZE"]
[SourceTitle "EXT 2019"]
[Source "ChessBase"]
[SourceDate "2018.10.10"]
[SourceVersion "1"]
[SourceVersionDate "2018.10.10"]
[SourceQuality "1"]
[WhiteTeam "Grygov A64 Valoz"]
[BlackTeam "Vysehrad SK Sokol"]
[WhiteTeamCountry "CZE"]
[BlackTeamCountry "CZE"]

1. b3 e5 2. Bb2 Nc6 3. e3 Nf6 4. Bb5 d6 5. d4 exd4 6. Bxc6+ bxc6 7. Qxd4 Be7 8. Nf3 0-0 9. Nbd2 c5 10. Qd3 Bb7 11. Ng5 h6 12. h4 Re8 13. 0-0-0 d5 14. Qb5 Qc8 15. f3 Rb8 16. Qd3 c4 17. Qd4 c5 18. Qf4 cxb3 19. axb3 c4 20. Be5 Qc5 21. Qd4 Qa3+ 22. Kb1 Bc5 23. Qb2 Qxb2+ 24. Bxb2 hxg5 25. hxg5 Nh7 26. bxc4 Bxe3 27. cxd5 Bxd5 28. g6 fxg6 29. Nf1 Bd4 30. c3 Bxc3 31. Kc2 Bb3+ 0-1